000 00604cab a2200205 4500
001 WB3139-57
008 090401t1995 xxu||||| |||| 00| 0 eng d
035 _a(Sirsi) u3030
041 _aeng
245 _aRyde`s scale under review
260 _c1995
350 _a0
490 _aCSM (Chartered Surveyor Monthly)
_v5(2) October 1995, 5(1)
520 _aProposals for a revised fee scale will be formulated between January and March 1996.
650 _aFEE SCALES
650 _aRYDE'S SCALE
690 _aMANAGEMENT-BUSINESS MANAGEMENT-PROFESSIONAL PRACTICE
942 _n0
948 _c04/03/1997
999 _c1829
_d1829